00524nam a2200193 a 4500001001300000003000900013005001700022008004100039020001000080082001500090100002600105245005100131260003700182300000900219500003500228505002200263650001900285700002600304nice12345678IN_TiNIC20260116012054.0050524s1963 lona grp 000 0 eng  ac10000a248.4bEAT aEaton, Albert William aAlive to Godb Guide to Positive Churchmanship aLondonbHodder & Stoughtonc1963 a159p aincludes index and biblioraphy2 aIndex of Churches aChristian-Life1 aEaton, Albert William